000
00308nam a22001457a 4500
003
SGT
020
_a
978-1-60406-398-1
082
_a
617.8
_b
R13R
100
_a
ROESER,ROSS J.
245
_a
ROESER'S AUDIOLOGY DESK REFERENCE
250
_a
2ND
260
_b
THIEME
_c
2013
300
_a
434
942
_2
ddc
_c
BK
999
_c
17976
_d
17976